000 00331nam a2200121Ia 4500
008 190216s9999||||xx |||||||||||||| ||und||
100 _aJain R P And Anand Mms
245 0 _aDigital Electronics Practice Using Integrated Circuits
260 _bTata Mcgrawhill Publishers
_c1984
300 _a323p
650 _aPhysics
942 _cBK
999 _c32948
_d32948